| 000 | 00859aam a2200277 4500 | ||
|---|---|---|---|
| 005 | 20161116183256.0 | ||
| 008 | 150406b xxu||||| |||| 00| 0 spa d | ||
| 041 | _aspa | ||
| 082 | _a658.403.8 L372s | ||
| 100 |
_aLaudon, Kenneth C. _931933 |
||
| 245 | _aSistemas de información gerencial: organización y tecnología de la empresa conectada en la red | ||
| 260 |
_aMéxico _bPearson Educacion _c2002 |
||
| 300 | _a688 páginas | ||
| 650 |
_aSISTEMAS DE INFORMACION _912 |
||
| 650 |
_aADMINISTRACION _9268 |
||
| 650 |
_aTECNOLOGIA DE LA INFORMACION _9544 |
||
| 650 |
_aTOMA DE DECISIONES _9865 |
||
| 650 |
_aINTERNET _931934 |
||
| 650 |
_aTELECOMUNICACIONES _95548 |
||
| 650 |
_aCOMERCIO ELECTRONICO _91922 |
||
| 650 |
_aREDES _92058 |
||
| 650 |
_aSEGURIDAD _9395 |
||
| 650 |
_aSOFTWARE _9947 |
||
| 650 |
_aNEGOCIOS ELECTRONICOS _95549 |
||
| 942 | _cBK | ||
| 999 |
_c4214 _d4214 |
||